El viaje fantástico de Bárbara / (Record no. 193160)

MARC details
000 -LEADER
campo de control de longitud fija 01908nam a2200445 i 4500
001 - NÚMERO DE CONTROL
campo de control 193160
003 - IDENTIFICADOR DE NÚMERO DE CONTROL
campo de control SpMaBN
005 - FECHA Y HORA DE LA ÚLTIMA TRANSACCIÓN
campo de control 20250825062646.0
007 - CAMPO FIJO DE DESCRIPCIÓN FÍSICA--INFORMACIÓN GENERAL
campo de control de longitud fija ta
008 - DATOS DE LONGITUD FIJA--INFORMACIÓN GENERAL
campo de control de longitud fija 230915s2007 sp | ||| ||spa
015 ## - NÚMERO DE BIBLIOGRAFÍA NACIONAL
Número de bibliografía nacional MON07
016 7# - NÚMERO DE CONTROL DE UNA AGENCIA BIBLIOGRÁFICA NACIONAL
Número de control del registro bimoBNE20070339195
Fuente SpMaBN
017 ## - NÚMERO DE COPYRIGHT O DE DEPÓSITO LEGAL
Número de copyright o de depósito legal M 14366-2007
Agencia que asigna Oficina Depósito Legal Madrid
020 ## - NÚMERO INTERNACIONAL ESTÁNDAR DEL LIBRO
Número Internacional Estándar del Libro 9788420464862
035 ## - NÚMERO DE CONTROL DEL SISTEMA
Número de control de sistema (OCoLC)434064650
035 ## - NÚMERO DE CONTROL DEL SISTEMA
Número de control de sistema Mimo0002200181
040 ## - FUENTE DE CATALOGACIÓN
Centro catalogador/agencia de origen SpMaBN
Lengua de catalogación spa
Centro/agencia transcriptor SpMaBN
Normas de descripción rdc
Centro/agencia modificador Es-MaACL
080 ## - NÚMERO DE LA CLASIFICACIÓN DECIMAL UNIVERSAL
Número de la Clasificación Decimal Universal 087.5:82
100 1# - ENTRADA PRINCIPAL--NOMBRE DE PERSONA
Nombre de persona Montero, Rosa,
Fechas asociadas al nombre 1951-
Número de control del registro de autoridad o número normalizado XX968899
Término indicativo de función/relación Autor
9 (RLIN) 82503
245 13 - MENCIÓN DEL TÍTULO
Título El viaje fantástico de Bárbara /
Mención de responsabilidad, etc. Rosa Montero ; ilustraciones de Daniel Torres.
250 ## - MENCION DE EDICION
Mención de edición Quinta edición: marzo 2007
264 #1 - PRODUCCIÓN, PUBLICACIÓN, DISTRIBUCIÓN, FABRICACIÓN Y COPYRIGHT
Producción, publicación, distribución, fabricación y copyright [Madrid] :
Nombre del de productor, editor, distribuidor, fabricante Alfaguara,
Fecha de producción, publicación, distribución, fabricación o copyright 2007
300 ## - DESCRIPCIÓN FÍSICA
Extensión 112 páginas :
Otras características físicas ilustraciones (blanco y negro) ;
Dimensiones 20 cm
336 ## - TIPO DE CONTENIDO
Fuente rdacontent
Término de tipo de contenido Texto
337 ## - TIPO DE MEDIO
Fuente rdamedia
Nombre/término del tipo de medio sin mediación
338 ## - TIPO DE SOPORTE
Fuente rdacarrier
Nombre/término del tipo de soporte volumen
490 1# - MENCIÓN DE SERIE
Mención de serie Alfaguara infantil
520 ## - RESUMEN, ETC.
Sumario, etc. En esta segunda entrega de las aventuras de Bárbara, nuestros protagonistas y sus amigos vivirán innumerables peripecias para rescatar a "Canela", que se encuentra perdido en un mundo sorprendente. El trabajo en equipo permitirá que la emocionante historia que vive la pandilla tenga un final feliz.
655 #7 - TERMINO DE INDIZACIÓN--GENERO/FORMA
Datos o término principal de género/forma Libros infantiles
Fuente del término tgfbne
9 (RLIN) 226786
655 #7 - TERMINO DE INDIZACIÓN--GENERO/FORMA
Datos o término principal de género/forma Libros ilustrados
Fuente del término tgfbne
9 (RLIN) 193653
700 ## - ENTRADA AGREGADA--NOMBRE PERSONAL
Nombre de persona Torres, Daniel,
Fechas asociadas al nombre 1958-
9 (RLIN) 234221
Término indicativo de función/relación Ilustrador
830 ## - PUNTO DE ACCESO ADICIONAL DE SERIE-TÍTULO UNIFORME
Título uniforme Alfaguara infantil
9 (RLIN) 223305
852 ## - LOCALIZACIÓN
Ubicación ES-MaACL
itemnumber 200518
Sublocalización o colección R.154560
Número de control de estantería N-9484
Ubicación en estantería Depósito J
Anotaciones manuscritas Dedicatoria autógrafa de la autora
Donativo/Legado Donación: Rosa Montero
Encuadernación Encuadernación rústica
903 ## - NOMBRE PERSONAL DE DONANTE
a Montero, Rosa,
d 1951-
e Donante
9 82503
942 ## - ELEMENTOS DE ENTRADA SECUNDARIOS (KOHA)
Suprimir en OPAC No
Tipo de ítem Koha Libro impreso
Holdings
Estatus retirado Estado de pérdida Fuente del sistema de clasificación o colocación Estado de daño No para préstamo Colección Biblioteca de origen Biblioteca actual Ubicación en estantería Fecha de adquisición Fuente de adquisición Número de control de estantería Total de préstamos Signatura topográfica completa Código de barras Visto por última vez Tipo de ítem Koha Nota pública
    Clasificación decimal universal     Libros con dedicatorias Biblioteca del Ateneo de Madrid Biblioteca del Ateneo de Madrid Depósito J 15/09/2023 Donación Ateneísta   N-9484 101205813 15/09/2023 Libro impreso Dedicatoria autógrafa de la autora